| Поле | Инд. | ПП | Название | Значение |
|---|---|---|---|---|
| Тип записи | a | |||
| Библиографический уровень | m | |||
| 001 | Контрольный номер | 94b92f6518c74b45b01ceac0a0208ba8 | ||
| 005 | Дата корректировки | 20240627142427.6 | ||
| 020 | c | Цена, тираж | 200-00 | |
| 040 | b | Код языка каталог. | rus | |
| e | Правила каталог. | PSBO | ||
| 041 | 0_ | a | Код языка текста | rus |
| 084 | a | Индекс другой классификации/Индекс ББК | 26.89(2Рос-4Крн) | |
| 090 | a | Полочн. индекс | К 26.89(2Рос-4Крн) | |
| c | Каталожный индекс | К 26.89(2Рос-4Крн) | ||
| x | Авторский знак | Н 45 | ||
| 091 | i | Возрастная адресация (DOS) | 12+ | |
| 097 | b | Оператор | Максимова | |
| 245 | 10 | a | Заглавие | Неизвестный Норильск |
| b | Продолж. заглавия | альманах : 2 апреля 2023 : [12+] | ||
| c | Ответственность | главный редактор Л. Стрючкова ; художественный редактор С. Стрючков ; корректор Е. Островская | ||
| n | Номер части/ раздела | №38 | ||
| 260 | a | Место издания | Норильск | |
| b | Издательство | АПЕКС | ||
| c | Дата издания | 2023 | ||
| 300 | a | Объем | 21 с. | |
| b | Иллюстрации/ тип воспроизводства | ил. | ||
| 653 | 0_ | a | Ключевые слова | моржи; Таймыр млекопитающие; Северная Земля архипелаг; Таймыр растительность; кастиллея; Таймыр экспедиция рыбохозяйственная; рыбный промысел; Лобовиков Л. Н. |
| 900 | a | Имя макрообъекта | 1561447 | |
| 901 | t | Тип документа | m |